Statistická ročenka Československé socialistické republiky 1972

Gespeichert in:
Bibliographische Detailangaben
Format: Buch
Sprache:Tschechisch
Veröffentlicht: Praha : SNTL, 1972
Ausgabe:1.vyd.
Tags: Tag hinzufügen
Keine Tags, Fügen Sie das erste Tag hinzu!

MARC

LEADER 00000nam a22000003a 4500
001 stu6771
005 20150408182030.5
008 940831s1972----cs------------------cze-d
040 |a STU  |b slo 
041 0 |a cze 
044 |a cs 
080 |a 311.313(437) 
245 |a Statistická ročenka Československé socialistické republiky 1972 
250 |a 1.vyd. 
260 |a Praha :  |b SNTL,  |c 1972 
300 |a 622 s 
996 |b 284V035129  |c V*7625/O-869  |l VVS  |s A  |a 24  |w stu6771_0001